Principles and practice of mechanical ventilation / (Record no. 363)

000 -LEADER
fixed length control field 01227nam a22003497a 4500
001 - CONTROL NUMBER
control field 17246497
003 - CONTROL NUMBER IDENTIFIER
control field OSt
005 - DATE AND TIME OF LATEST TRANSACTION
control field 20210419092818.0
008 - FIXED-LENGTH DATA ELEMENTS--GENERAL INFORMATION
fixed length control field 120405s2013 nyua b 001 0 eng
010 ## - LIBRARY OF CONGRESS CONTROL NUMBER
LC control number 2012014174
020 ## - INTERNATIONAL STANDARD BOOK NUMBER
International Standard Book Number 9780071736268 (hardcover : alk. paper)
020 ## - INTERNATIONAL STANDARD BOOK NUMBER
International Standard Book Number 0071736263 (hardcover : alk. paper)
035 ## - SYSTEM CONTROL NUMBER
System control number (DNLM)101581752
040 ## - CATALOGING SOURCE
Original cataloging agency DNLM/DLC
Transcribing agency DLC
Modifying agency DLC
042 ## - AUTHENTICATION CODE
Authentication code pcc
050 00 - LIBRARY OF CONGRESS CALL NUMBER
Classification number RC735.I5
Item number P75 2013
060 10 - NATIONAL LIBRARY OF MEDICINE CALL NUMBER
Classification number WF 145
080 ## - UNIVERSAL DECIMAL CLASSIFICATION NUMBER
Universal Decimal Classification number 616-036.83
Item number P-92
245 00 - TITLE STATEMENT
Title Principles and practice of mechanical ventilation /
Statement of responsibility, etc. editor, Martin J. Tobin.
250 ## - EDITION STATEMENT
Edition statement 3rd ed.
260 ## - PUBLICATION, DISTRIBUTION, ETC.
Place of publication, distribution, etc. New York :
Name of publisher, distributor, etc. McGraw-Hill Medical,
Date of publication, distribution, etc. 2013.
300 ## - PHYSICAL DESCRIPTION
Extent xxii, 1562 p. :
Other physical details ill. ;
Dimensions 28 cm
504 ## - BIBLIOGRAPHY, ETC. NOTE
Bibliography, etc. note Includes bibliographical references and index.
650 12 - SUBJECT ADDED ENTRY--TOPICAL TERM
Topical term or geographic name entry element Respiration, Artificial
General subdivision methods.
650 22 - SUBJECT ADDED ENTRY--TOPICAL TERM
Topical term or geographic name entry element Respiratory Therapy
General subdivision methods.
Geographic subdivision Reanimatology
650 22 - SUBJECT ADDED ENTRY--TOPICAL TERM
Topical term or geographic name entry element Ventilators, Mechanical.
653 ## - INDEX TERM--UNCONTROLLED
Uncontrolled term რეანიმატოლოგია
-- რესპირატორული თერაპია
700 1# - ADDED ENTRY--PERSONAL NAME
Personal name Tobin, Martin J.
Relator term editor
906 ## - LOCAL DATA ELEMENT F, LDF (RLIN)
a 7
b cbc
c orignew
d 1
e ecip
f 20
g y-gencatlg
942 ## - ADDED ENTRY ELEMENTS (KOHA)
Source of classification or shelving scheme
Koha item type Books
Edition 3
Holdings
Withdrawn status Lost status Source of classification or shelving scheme Damaged status Not for loan Permanent location Current location Date acquired Inventory number Total Checkouts Full call number Barcode Date last seen Price effective from Koha item type
          Ken Walker International University Ken Walker International University 11/21/2020 1070   616-036.83 P-92 1070 11/21/2020 11/21/2020 Books

Powered by Koha